00750nam a2200253 a 4500001001300000003000900013005001700022008004100039020001000080082001900090100001700109245002800126260004700154300000800201500003500209505002400244650003300268650002800301700001700329902000800346942000700354952012000361999001500481nice12345678IN_TiNIC20260116012741.0050524s1986 isla grp 000 0 eng  ac10000a297.72016bNAY aNayeem, Mohd aMuslim Military History aIslambadbIslamic Research Institutec1986 a88p aincludes index and biblioraphy2 aBibliography, Index aBibliography-Muslim Military aMuslim Military-History1 aNayeem, Mohd bRHR cBK 001040708ReferHall-aHMIbHMId2007-07-13g100.00l0o297.72016 NAYp014833r2007-07-13v100.00w2005-05-24yBK c8224d8224